000 00546nam a2200217Ia 4500
003 OSt
005 20241228104345.0
008 210324s9999||||xx |||||||||||||| ||und||
040 _cSTCPL
041 _aHIN
082 _aH4
_bDAK-G
100 _a Bharat, Dakshin
_qदक्षिण भारत
245 0 _aGadhya saurabh /
_cby Dakshin Bharat
260 _aMadras :
_bHindi Prachar Sabha ,
_c1951 .
300 _a146 p.
_bPB
650 _aHindi literature
650 _aEssays
650 _aArticles
942 _cBK
942 _2ddc
_n0
999 _c4334
_d4334